| 000 | 00773nam a22002297a 4500 | ||
|---|---|---|---|
| 999 |
_c1108 _d1108 |
||
| 003 | AR-CdUCM | ||
| 008 | 190226b ||||| |||| 00| 0 spa d | ||
| 040 |
_aMUNICIPALIDAD PROVINCIAL DEL CUSCO _cBIBLIOTECA MUNICIPAL DEL CUSCO |
||
| 082 |
_a869.56 / _bV39 |
||
| 100 |
_aVelarde, Héctor _9717 |
||
| 245 |
_aCuentos Humoristicos / _cVelarde, Héctor |
||
| 260 |
_aLima : _bFrancisco Moncloa Editores, _c1966 |
||
| 300 |
_a507 paginas ; _bil, _c25cm. |
||
| 500 | _aObras Completas | ||
| 505 | _aYo quiero ser filosofo -- El diablo y la tecnica -- El curso de pitagoras | ||
| 650 |
_aobra poetica completas _94334 |
||
| 650 |
_aPeru contemporaneo _94335 |
||
| 650 |
_aAmerica Latina _94336 |
||
| 650 |
_aLiteratura _983 |
||
| 942 |
_2ddc _cLIBROS |
||
| 945 |
_apjha _d2019-02-26 |
||